000 00761nam a22002657a 4500
001 7975
003 FISKH
005 20250815141004.0
008 250815b cb ||||| |||| 00| 0 eng d
020 _a9788956354972
040 _aFISKH
_beng
_cFISKH
_dFISKH
050 _aPZ7
082 _a590
100 _aSormark, Julie
245 _aThe three little pigs /
_cthrough the Art Style of Paul Klee : Retold by Julie Sormark
260 _aSeoul :
_be-future ,
_c2010.
300 _a35 pages :
_bcolor illustrations ;
_c23 cm .
505 _aG
521 8 _a370
_bLexile
521 8 _aG
_bRaz-Plus
650 _aThree little pigs
_vJuvenile Literature
700 _aKim, Suyeon
_eIllustrator
942 _2ddc
_cBK
_n0
999 _c7975
_d7975